Normal view
MARC view
- Today and forevre
Entry Topical Term
001 - CONTROL NUMBER
- control field: 112684
003 - CONTROL NUMBER IDENTIFIER
- control field: NUST
005 - DATE AND TIME OF LATEST TRANSACTION
- control field: 20230526112235.0
008 - FIXED-LENGTH DATA ELEMENTS
- fixed length control field: 230526|| aca||aabn | a|a d
040 ## - CATALOGING SOURCE
- Original cataloging agency: NUST
- Transcribing agency: NUST
150 ## - HEADING--TOPICAL TERM
- Topical term or geographic name entry element: Today and forevre
670 ## - SOURCE DATA FOUND
- Source citation: Work cat.: (NUST)185997: Pearl S. Buck 112683, Today and forevre, 1950
